Za rovnaké prostriedky viac a lepšie (výťah z referátu, ktorý predniesol podpredseda SÚV ČSZTV Ing. Ján Škola na X. plenárnom zasadnutí SÚV ČSZTV)

Bibliographic Details
Main Author: Škola, Ján (Author)
Format: Article
Language:Slovak
Subjects:

MARC

LEADER 00000nab a2200000 ar4500
001 vtls009083244
003 SK-MaSNL
005 20260303232145.0
008 070713c19760628xo wr|||||||||000 b|slo
015 |a SNBRB2007/07  |2 snkbucl 
038 |a SNKBUCL 
040 |a SNKBUCL  |b slo  |c SNKBUCL  |e AACR2 
041 0 |a slo 
044 |a xo  |c SK 
080 |a 796  |x (437)  |2 2001 
080 |a 061.25  |2 2001 
080 |a 061.3  |2 2001 
100 1 |a Škola, Ján  |4 aut  |9 926523 
245 1 0 |a Za rovnaké prostriedky viac a lepšie  |b (výťah z referátu, ktorý predniesol podpredseda SÚV ČSZTV Ing. Ján Škola na X. plenárnom zasadnutí SÚV ČSZTV)  |c Ján Škola 
610 2 7 |a Československý zväz telesnej výchovy.  |b Ústredný výbor  |2 snkbucl  |9 240739 
648 7 |a 1976  |2 snkbucl  |9 279488 
650 0 7 |a zasadanie  |2 snkbucl  |9 280253 
773 0 |t Šport  |g (28.6.1976), s. 2 
852 |a SNK  |b KIS3GCP 
999 |c 2270366  |d 2272296